U.S. Map Shaped Crossword - Statistics

General Stats
  • This quiz has been taken 191 times
  • The average score is 10 of 22
Answers on the Map
Answers color-coded by a green-red scale on the quiz's map according to % correct below.
 
Answer Stats
Clue Word % Correct
Fancy boat Yacht
79%
Here Appalachian
72%
Surviving 7th Ancient Wonder Pyramid
60%
Maritime robbery or copyright infringement Piracy
57%
Right to a fair Trial
55%
S of KSA Saudi
52%
Lungs' entrance Trachea
52%
I: Me, Thou: ____ Thee
51%
______ out of control Spiral
49%
"Free" city-state (WWI-WWII) Danzig
48%
Trees planted around prev. to protect crops from sand Palm
48%
Juniper drink Gin
47%
Surpassing Dengue and Chikungunya in cases Malaria
46%
Flag of Angola - Gear Machete
45%
Monarchists Royalists
45%
Inverse strait Isthmus
42%
Al-Ahsa, located in prev., is the world's largest Oasis
41%
FC, Spurs, Sol, Gilgronis Austin
39%
Panama Canal (former) competitor Nicaragua
39%
þ Th
27%
[thumbnail] Atoll
19%
Unfreezable Antarctic pond Don Juan
14%
No matching quizzes found
Score Distribution
Percent of People with Each Score
Percentile by Number Answered
Your Score History
You have not taken this quiz